Katalog Plus
Bibliothek der Frankfurt UAS
Bald neuer Katalog: sichern Sie sich schon vorab Ihre persönlichen Merklisten im Nutzerkonto: Anleitung.

Eine Theorie des Kugellagermotors

Titel: Eine Theorie des Kugellagermotors / Tilmann Schneider ; Illustrator: Tilmann Schneider ; Herausgeber: Tilmann Schneider
Verfasser:
Beteiligt: ;
Ausgabe: Stand 4.5.2025
Veröffentlicht: Bonn : Tilmann Schneider, 2025
Umfang: 1 Online-Ressource
Format: E-Book
Sprache: Deutsch
Schlagworte:
Kein Bild verfügbar
X
alg: 53036010
001A    $06000:05-06-25 
001B    $01999:07-06-25 $t00:42:31.000 
001D    $06000:05-06-25 
001U    $0utf8 
001X    $00 
002@    $0Oax 
002C    $aText $btxt $2rdacontent 
002D    $aComputermedien $bc $2rdamedia 
002E    $aOnline-Ressource $bcr $2rdacarrier 
003@    $0530360101 
004U    $0urn:nbn:de:101:1-2505040957569.202270686715 
006G    $01364528169 
006U    $025,O06 $f20250504 
007A    $01364528169 $aDNB 
009Q    $uhttps://nbn-resolving.org/urn:nbn:de:101:1-2505040957569.202270686715 $xR 
009Q    $qapplication/pdf $S0 $uhttps://www.relativistische-asynchronmaschine.de/Kugellagermotor_de.pdf $xH 
010@    $ager 
011@    $a2025 $n2025 
021A    $aEine @Theorie des Kugellagermotors $hTilmann Schneider ; Illustrator: Tilmann Schneider ; Herausgeber: Tilmann Schneider 
028A    $aSchneider $BVerfasser $dTilmann $4aut 
028C    $aSchneider $BHerausgeber $dTilmann $4edt 
028C    $aSchneider $BIllustrator $dTilmann $4ill 
032@    $aStand 4.5.2025 
033A    $pBonn $nTilmann Schneider 
034D    $a1 Online-Ressource 
044K    $qDNB $RPraxis $#Theory (Philosophy) $#Théorie (philosophie) $#Theorie $#Theorie $emaschinell gebildet $74059787-8 $8Theorie [Tsz] $9085166316 $k0,08540 
045B    $a621 $ADNB $e23kdnb $Emaschinell gebildet $K0,03794 
045E    $c620 
046X    $aArchivierung/Langzeitarchivierung gewährleistet $5DE-101 
046Y    $aOhne Altersbeschränkung 

lok: 53036010 3

exp: 53036010 3 1 #EPN
201B/01 $007-06-25 $t00:42:31.117 
201C/01 $006-06-25 
201U/01 $0utf8 
203@/01 $01305610628 
208@/01 $a06-06-25 $bl 
209S/01 $S0 $uhttps://www.relativistische-asynchronmaschine.de/Kugellagermotor_de.pdf $XH 

lok: 53036010 5

exp: 53036010 5 1 #EPN
201B/01 $007-06-25 $t00:42:31.120 
201C/01 $006-06-25 
201U/01 $0utf8 
203@/01 $01305610636 
208@/01 $a06-06-25 $bl 
209S/01 $S0 $uhttps://www.relativistische-asynchronmaschine.de/Kugellagermotor_de.pdf $XH 

lok: 53036010 8

exp: 53036010 8 1 #EPN
201B/01 $007-06-25 $t00:42:31.123 
201C/01 $006-06-25 
201U/01 $0utf8 
203@/01 $01305610644 
208@/01 $a06-06-25 $bl 
209S/01 $S0 $uhttps://www.relativistische-asynchronmaschine.de/Kugellagermotor_de.pdf $XH 

lok: 53036010 10

exp: 53036010 10 1 #EPN
201B/01 $007-06-25 $t00:42:31.127 
201C/01 $006-06-25 
201U/01 $0utf8 
203@/01 $01305610652 
208@/01 $a06-06-25 $bl 
209S/01 $S0 $uhttps://www.relativistische-asynchronmaschine.de/Kugellagermotor_de.pdf $XH 

lok: 53036010 11

exp: 53036010 11 1 #EPN
201B/01 $007-06-25 $t00:42:31.129 
201C/01 $006-06-25 
201U/01 $0utf8 
203@/01 $01305610660 
208@/01 $a06-06-25 $bl 
209S/01 $S0 $uhttps://www.relativistische-asynchronmaschine.de/Kugellagermotor_de.pdf $XH 

lok: 53036010 20

exp: 53036010 20 1 #EPN
201B/01 $007-06-25 $t00:42:31.132 
201C/01 $006-06-25 
201U/01 $0utf8 
203@/01 $01305610679 
208@/01 $a06-06-25 $bl 
209S/01 $S0 $uhttps://www.relativistische-asynchronmaschine.de/Kugellagermotor_de.pdf $XH 

lok: 53036010 21

exp: 53036010 21 1 #EPN
201B/01 $007-06-25 $t00:42:31.135 
201C/01 $006-06-25 
201U/01 $0utf8 
203@/01 $01305610687 
208@/01 $a06-06-25 $bl 
209S/01 $S0 $uhttps://www.relativistische-asynchronmaschine.de/Kugellagermotor_de.pdf $XH 

lok: 53036010 23

exp: 53036010 23 1 #EPN
201B/01 $007-06-25 $t00:42:31.138 
201C/01 $006-06-25 
201U/01 $0utf8 
203@/01 $01305610695 
208@/01 $a06-06-25 $bl 
209S/01 $S0 $uhttps://www.relativistische-asynchronmaschine.de/Kugellagermotor_de.pdf $XH 

lok: 53036010 25

exp: 53036010 25 1 #EPN
201B/01 $007-06-25 $t00:42:31.141 
201C/01 $006-06-25 
201U/01 $0utf8 
203@/01 $01305610709 
208@/01 $a06-06-25 $bl 
209S/01 $S0 $uhttps://www.relativistische-asynchronmaschine.de/Kugellagermotor_de.pdf $XH 

lok: 53036010 49

exp: 53036010 49 1 #EPN
201B/01 $007-06-25 $t00:42:31.143 
201C/01 $006-06-25 
201U/01 $0utf8 
203@/01 $01305610717 
208@/01 $a06-06-25 $bl 
209S/01 $S0 $uhttps://www.relativistische-asynchronmaschine.de/Kugellagermotor_de.pdf $XH 

lok: 53036010 108

exp: 53036010 108 1 #EPN
201B/01 $007-06-25 $t00:42:31.147 
201C/01 $006-06-25 
201U/01 $0utf8 
203@/01 $01305610725 
208@/01 $a06-06-25 $bl 
209S/01 $S0 $uhttps://www.relativistische-asynchronmaschine.de/Kugellagermotor_de.pdf $XH 

lok: 53036010 204

exp: 53036010 204 1 #EPN
201B/01 $007-06-25 $t00:42:31.149 
201C/01 $006-06-25 
201U/01 $0utf8 
203@/01 $01305610733 
208@/01 $a06-06-25 $bl 
209S/01 $S0 $uhttps://www.relativistische-asynchronmaschine.de/Kugellagermotor_de.pdf $XH 

lok: 53036010 205

exp: 53036010 205 1 #EPN
201B/01 $007-06-25 $t00:42:31.151 
201C/01 $006-06-25 
201U/01 $0utf8 
203@/01 $01305610741 
208@/01 $a06-06-25 $bl 
209S/01 $S0 $uhttps://www.relativistische-asynchronmaschine.de/Kugellagermotor_de.pdf $XH
LEADER 00000cam a22000002c 4500
001 530360101
003 DE-603
005 20250607004231.0
007 cr||||||||||||
008 250605s2025 xx |||| o| u00||u|ger
015 |a 25,O06  |2 dnb 
016 7 |2 DE-101  |a 1364528169 
024 7 |a urn:nbn:de:101:1-2505040957569.202270686715  |2 urn 
035 |a (DE-599)DNB1364528169 
040 |a DE-603  |b ger  |c DE-603  |d DE-603 
041 |a ger 
082 7 |8 2\p  |a 621  |2 23kdnb 
084 |a 620  |q DE-101  |2 sdnb 
100 1 |a Schneider, Tilmann  |e Verfasser  |4 aut 
245 0 0 |a ˜Eineœ Theorie des Kugellagermotors  |c Tilmann Schneider ; Illustrator: Tilmann Schneider ; Herausgeber: Tilmann Schneider 
250 |a Stand 4.5.2025 
264 1 |a Bonn  |b Tilmann Schneider  |c 2025 
300 |a 1 Online-Ressource 
336 |a Text  |b txt  |2 rdacontent 
337 |a Computermedien  |b c  |2 rdamedia 
338 |a Online-Ressource  |b cr  |2 rdacarrier 
521 8 |a Ohne Altersbeschränkung 
650 7 |8 1\p  |a Theorie  |0 (DE-588)4059787-8  |0 (DE-603)085166316  |2 gnd 
700 1 |a Schneider, Tilmann  |e Herausgeber  |4 edt 
700 1 |a Schneider, Tilmann  |e Illustrator  |4 ill 
856 |u https://nbn-resolving.org/urn:nbn:de:101:1-2505040957569.202270686715  |x Resolving-System 
856 |q application/pdf  |u https://www.relativistische-asynchronmaschine.de/Kugellagermotor_de.pdf  |x Verlag  |z kostenfrei 
883 0 |8 1\p  |a maschinell gebildet  |c 0,08540  |q DE-101 
883 0 |8 2\p  |a maschinell gebildet  |c 0,03794  |q DE-101 
924 1 |9 603  |a (DE-603)1305610628  |b DE-603  |c HES  |d d 
924 1 |9 603  |a (DE-603)1305610636  |b DE-603  |c HES  |d d 
924 1 |9 603  |a (DE-603)1305610644  |b DE-603  |c HES  |d d 
924 1 |9 603  |a (DE-603)1305610652  |b DE-603  |c HES  |d d 
924 1 |9 603  |a (DE-603)1305610660  |b DE-603  |c HES  |d d 
924 1 |9 603  |a (DE-603)1305610679  |b DE-603  |c HES  |d d 
924 1 |9 603  |a (DE-603)1305610687  |b DE-603  |c HES  |d d 
924 1 |9 603  |a (DE-603)1305610695  |b DE-603  |c HES  |d d 
924 1 |9 603  |a (DE-603)1305610709  |b DE-603  |c HES  |d d 
924 1 |9 603  |a (DE-603)1305610717  |b DE-603  |c HES  |d d 
924 1 |9 603  |a (DE-603)1305610725  |b DE-603  |c HES  |d d 
924 1 |9 603  |a (DE-603)1305610733  |b DE-603  |c HES  |d d 
924 1 |9 603  |a (DE-603)1305610741  |b DE-603  |c HES  |d d